|
|
|
|
| LEADER |
00000nam a2200000 a 4500 |
| 001 |
vtls001312351 |
| 003 |
SK-MaSNL |
| 005 |
20260302053406.0 |
| 008 |
240314s1979 xx 0 und |
| 035 |
|
|
|a SNK000264749
|
| 040 |
|
|
|a SNK
|b slo
|c SNK
|e AACR2
|
| 100 |
1 |
|
|a Haller, Klaus
|4 aut
|9 357063
|
| 245 |
1 |
0 |
|a Titelaufnahme nach RAK
|b Eine Einführung in die ¨Regeln für die Alphabetische Katalogisierung¨
|
| 260 |
|
|
|a München
|b K. G. Saur
|c 1979
|
| 300 |
|
|
|a 251 s.
|
| 958 |
|
|
|a OND
|
| 999 |
|
|
|c 1109190
|d 1111120
|
| 952 |
|
|
|t P60, <04>, [BOOK], {604}
|a SNK
|b SNK
|y VYP
|7 0
|p 17A0110160
|o snkIC 82141
|0 0
|1 0
|4 0
|d 1997-11-27
|l 0
|r 2005-01-02 00:00:00
|w 2026-02-24
|